Districtes de Barcelona - Statistics

General Stats
  • This quiz has been taken 45 times
  • The average score is 8 of 10
Answer Stats
Districtes % Correct
Sants-Montjuïc
97%
Sarrià-Sant Gervasi
92%
Eixample
87%
Gràcia
84%
Horta-Guinardó
82%
Nou Barris
79%
Ciutat Vella
76%
Sant Martí
74%
Sant Andreu
71%
Les Corts
68%
No matching quizzes found
Score Distribution
Percent of People with Each Score
Percentile by Number Answered
Your Score History
You have not taken this quiz